000 00426nam a2200169Ia 4500
008 170705s9999 xx 000 0 und d
020 _a9780545101554
245 _aFroggy plays t-ball /
245 _cJonathan London ; illustrated by Frank Remkiewicz.
260 _aNew York :
260 _bScholastic,
260 _c2007
300 _aunpaged :
300 _bcolor illustration ;
300 _c21cm.
500 _a500
999 _c335982
_d335982